Elementos de educación cívica : (Record no. 18914)

MARC details
000 -CABECERA
campo de control de longitud fija 00650nam a2200193 a 4500
005 - FECHA Y HORA DE LA ÚLTIMA TRANSACCIÓN
campo de control 20240305063718.0
008 - ELEMENTOS DE LONGITUD FIJA--INFORMACIÓN GENERAL
campo de control de longitud fija 991125s1926 mx 000 0 spa u
035 ## - NÚMERO DE CONTROL DEL SISTEMA
Número de control de sistema UPN01000018914
049 ## - COLECCIÓN
Colección LT
050 #4 - SIGNATURA TOPOGRÁFICA DE LA BIBLIOTECA DEL CONGRESO
Número de clasificación LB1644 M6.502
Número de documento/Ítem N4.4b 1926
100 1# - ASIENTO PRINCIPAL--NOMBRE PERSONAL
Nombre de persona Negrete, José Vicente
9 (RLIN) 29739
245 10 - MENCIÓN DE TÍTULO
Título Elementos de educación cívica :
Resto del título libro segundo (para 4o. y 5o. años) /
Mención de responsabilidad, etc. José Vicente Negrete
260 ## - PUBLICACIÓN, DISTRIBUCIÓN, ETC.
Lugar de publicación, distribución, etc. México :
Nombre del editor, distribuidor, etc. SELFA,
Fecha de publicación, distribución, etc. 1926
300 ## - DESCRIPCIÓN FÍSICA
Extensión 138 p.
500 ## - NOTA GENERAL
Nota general "Obra aceptada por los gobiernos de varios Estados de la República"
650 #4 - ASIENTO SECUNDARIO DE MATERIA - TERMINO TEMATICO
Término de materia o nombre geográfico como elemento de entrada Civismo
Subdivisión general Estudio y enseñanza (Secundaria)
9 (RLIN) 1512
904 ## - ELEMENTOS DE DATOS D LOCAL, LDD (RLIN)
a AC
b 018915
905 ## - TIPO DE MATERIAL
Tipo de material Libro
Holdings
Estado de retiro Estado de pérdida Fuente del sistema de clasificación o colocación Estado dañado No para préstamo Código de colección Localización permanente Ubicación/localización actual Ubicación en estantería Fecha de adquisición Enumeración/cronología de publicación seriada Clasificación Código de barras Fecha visto por última vez Número de copia Tipo de ítem Koha
    Library of Congress Classification   Disponible (Préstamo en sala) Libros de texto Bib. Gregorio Torres Quintero Bib. Gregorio Torres Quintero Colecciones especiales Planta alta 25/05/2023 - LB1644 M6.502 N4.4b 1926 125353 31/12/2020 1 Libro
    Library of Congress Classification   Disponible (Préstamo en sala) Libros de texto Bib. Gregorio Torres Quintero Bib. Gregorio Torres Quintero Colecciones especiales Planta alta 25/05/2023 - LB1644 M6.502 N4.4b 1926 125355 31/12/2020 1 Libro